21 de abril : centenario de la Gesta Heróica de Veracruz de 1914 (Record no. 111073)

MARC details
000 -LEADER
campo de control de longitud fija 02155nam a2200469 i 4500
001 - NÚMERO DE CONTROL
campo de control MOR01000111402
003 - IDENTIFICADOR DE NÚMERO DE CONTROL
campo de control $$amxdfmo
005 - FECHA Y HORA DE LA ÚLTIMA TRANSACCIÓN
campo de control 20260331231257.0
008 - DATOS DE LONGITUD FIJA--INFORMACIÓN GENERAL
campo de control de longitud fija 230210s2015 dfmo g bi 000 0 spa d
020 ## - NÚMERO INTERNACIONAL ESTÁNDAR DEL LIBRO
Número Internacional Estándar del Libro 9786078148110
035 ## - NÚMERO DE CONTROL DEL SISTEMA
Número de control de sistema 230340
040 ## - FUENTE DE CATALOGACIÓN
Centro catalogador/agencia de origen mxcmmo
Lengua de catalogación spa
Centro/agencia transcriptor mxcmmo
Normas de descripción rda
041 1# - CÓDIGO DE IDIOMA
Código de lengua del texto/banda sonora o título independiente spa
-- eng
043 ## - CÓDIGO DE ÁREA GEOGRÁFICA
Código de área geográfica n-mx-ve
045 ## - PERIODO DE TIEMPO DEL CONTENIDO
Código de periodo de tiempo x1y1
082 04 - NÚMERO DE LA CLASIFICACIÓN DECIMAL DEWEY
Número de clasificación 972.0613
Número de ítem VEI.d
245 04 - MENCIÓN DEL TÍTULO
Título 21 de abril : centenario de la Gesta Heróica de Veracruz de 1914
Resto del título : hoy como hace 100 años, veracruzanos y marinos unidos por México = April 21th, 1914-2014 Centennial of the Heroic Feat of Veracruz City : today, as one hundred years ago, veracruz people and marines united for Mexico/
Mención de responsabilidad, etc. traducción Carmen Carvajal Vizcarra ; fotografía Gustavo Graf Maldonado, Juan Rey Casas
246 00 - FORMA VARIANTE DEL TITULO
Título propio/Titulo breve Centenario de la Gesta Heróica de Veracruz de 1914
264 #1 - PRODUCCIÓN, PUBLICACIÓN, DISTRIBUCIÓN, FABRICACIÓN Y COPYRIGHT
Producción, publicación, distribución, fabricación y copyright México, D.F.:
Nombre del de productor, editor, distribuidor, fabricante Secretaría de Marina, Armada de México,
Fecha de producción, publicación, distribución, fabricación o copyright 2015
300 ## - DESCRIPCIÓN FÍSICA
Extensión 185 páginas:
Otras características físicas fotografías;
Dimensiones 30 x 40 cm
336 ## - TIPO DE CONTENIDO
Término de tipo de contenido texto
Código de tipo de contenido txt
Fuente rdacontent
337 ## - TIPO DE MEDIO
Nombre/término del tipo de medio sin medio
Código del tipo de medio n
Fuente rdamedia
338 ## - TIPO DE SOPORTE
Nombre/término del tipo de soporte volumen
Código del tipo de soporte nc
Fuente rdacarrier
541 0# - NOTA DE FUENTE DE ADQUISICIÓN DIRECTA
Forma de adquisición Donación
651 #7 - PUNTO DE ACCESO ADICIONAL DE MATERIA--NOMBRE GEOGRÁFICO
Nombre geográfico México
Subdivisión general Ejército
-- Historia
-- Celebraciones de centenario, etc.
9 (RLIN) 202236
651 #7 - PUNTO DE ACCESO ADICIONAL DE MATERIA--NOMBRE GEOGRÁFICO
Nombre geográfico México
Subdivisión general Historia
Subdivisión cronológica Invasiones norteamericanas, 1914-1919
Subdivisión general Celebraciones de centenario, etc.
9 (RLIN) 202237
651 #7 - PUNTO DE ACCESO ADICIONAL DE MATERIA--NOMBRE GEOGRÁFICO
Nombre geográfico México
Subdivisión general Marina
-- Historia
-- Celebraciones de centenario, etc.
9 (RLIN) 202238
651 #7 - PUNTO DE ACCESO ADICIONAL DE MATERIA--NOMBRE GEOGRÁFICO
Nombre geográfico Veracruz
Subdivisión general Historia
Subdivisión cronológica 1914-1919
Subdivisión general Celebraciones de centenario, etc.
9 (RLIN) 202239
700 1# - ENTRADA AGREGADA--NOMBRE PERSONAL
Nombre de persona Carvajal Vizcarra, Carmen
Término indicativo de función/relación traductor
9 (RLIN) 202240
700 1# - ENTRADA AGREGADA--NOMBRE PERSONAL
Nombre de persona Graf Maldonado, Gustavo
Término indicativo de función/relación ilustrador
9 (RLIN) 202241
700 1# - ENTRADA AGREGADA--NOMBRE PERSONAL
Nombre de persona Rey Casas, Juan
Término indicativo de función/relación ilustrador
9 (RLIN) 202242
710 1# - ENTRADA AGREGADA--NOMBRE DE ENTIDAD CORPORATIVA
Nombre de entidad corporativa o nombre de jurisdicción como elemento de entrada Mexico
Unidad subordinada Secretaria de Marina Armada de México
Término indicativo de función/relación organismo emisor
9 (RLIN) 145132
900 ## - ELEMENTOS DE DATOS A LOCAL, LDA (RLIN)
Nombre de persona BERENICE
Numeración 40
Títulos y otros términos asociados al nombre 20240206
Lenguaje de la obra MOR01
-- 1351
900 ## - ELEMENTOS DE DATOS A LOCAL, LDA (RLIN)
Nombre de persona BERENICE
Numeración 40
Títulos y otros términos asociados al nombre 20240206
Lenguaje de la obra MOR01
-- 1418
900 ## - ELEMENTOS DE DATOS A LOCAL, LDA (RLIN)
Nombre de persona CATY
Numeración 30
Títulos y otros términos asociados al nombre 20230213
Lenguaje de la obra MOR01
-- 1233
900 ## - ELEMENTOS DE DATOS A LOCAL, LDA (RLIN)
Nombre de persona LUIS
Numeración 20
Títulos y otros términos asociados al nombre 20230210
Lenguaje de la obra MOR01
-- 1406
900 ## - ELEMENTOS DE DATOS A LOCAL, LDA (RLIN)
Nombre de persona LUIS
Numeración 20
Títulos y otros términos asociados al nombre 20230210
Lenguaje de la obra MOR01
-- 1406
900 ## - ELEMENTOS DE DATOS A LOCAL, LDA (RLIN)
Nombre de persona VOBO
Numeración 40
Títulos y otros términos asociados al nombre 20240813
Lenguaje de la obra MOR01
-- 1303
900 ## - ELEMENTOS DE DATOS A LOCAL, LDA (RLIN)
Nombre de persona VOBO
Numeración 40
Títulos y otros términos asociados al nombre 20240813
Lenguaje de la obra MOR01
-- 1304
904 ## - ELEMENTOS DE DATOS D LOCAL, LDD (RLIN)
a UPDATE
942 ## - ELEMENTOS DE ENTRADA SECUNDARIOS (KOHA)
Código de la institución [OBSOLETO] BK
901 ## - ELEMENTOS DE DATOS A LOCAL LDA (RLIN)
a batch batch
Holdings
Estatus retirado Estado de pérdida Fuente del sistema de clasificación o colocación Especificación de materiales (volumen encuadernado u otra parte) Estado de daño No para préstamo Colección Biblioteca de origen Biblioteca actual Ubicación en estantería Fecha de adquisición Número de inventario Total de préstamos Signatura topográfica completa Código de barras Visto por última vez Precio de reemplazo Tipo de ítem Koha
    Clasificación Decimal Dewey DONACIÓN     Formato Grande Biblioteca Instituto Mora Biblioteca Instituto Mora Regular 13/02/2023 138770   (L)/972.0613 VEI.d 33006801143060 03/09/2024 03/09/2024 Libro préstamo regular